000 00839 a2200205 4500
999 _c5115
_d5115
020 _a9780395083536
020 _a0395083532
050 0 0 _aPS3525 MAC 1958
100 1 _aMacLeish, Archibald,
_d1892-1982.
_eauthor
245 1 0 _aJ.B. :
_ba play in verse /
_cby Archibald MacLeish.
264 _aBoston :
_bHoughton Mifflin,
_c1958.
300 _a153 p. ;
500 _a"The Pulitzer Prize-winning play in verse"--Cover.
650 _aBible. Job -- Drama.
650 _aBible. -- Job.
856 4 2 _3Contributor biographical information
_uhttp://www.loc.gov/catdir/enhancements/fy0905/2008276004-b.html
856 4 2 _3Publisher description
_uhttp://www.loc.gov/catdir/enhancements/fy0905/2008276004-d.html
942 _2lcc
_cBK
_h3525
_iMAC
_kPS